<?xml version="1.0" encoding="UTF-8"?><?xml-stylesheet type="text/xsl" href="static/style.xsl"?><OAI-PMH xmlns="http://www.openarchives.org/OAI/2.0/" xmlns:xsi="http://www.w3.org/2001/XMLSchema-instance" xsi:schemaLocation="http://www.openarchives.org/OAI/2.0/ http://www.openarchives.org/OAI/2.0/OAI-PMH.xsd"><responseDate>2026-06-07T16:21:29Z</responseDate><request verb="GetRecord" identifier="oai:docta.ucm.es:20.500.14352/131319" metadataPrefix="marc">https://docta.ucm.es/rest/oai/request</request><GetRecord><record><header><identifier>oai:docta.ucm.es:20.500.14352/131319</identifier><datestamp>2026-02-03T00:47:49Z</datestamp><setSpec>com_20.500.14352_14</setSpec><setSpec>col_20.500.14352_15</setSpec></header><metadata><record xmlns="http://www.loc.gov/MARC21/slim" xmlns:dcterms="http://purl.org/dc/terms/" xmlns:xsi="http://www.w3.org/2001/XMLSchema-instance" xmlns:doc="http://www.lyncode.com/xoai" xsi:schemaLocation="http://www.loc.gov/MARC21/slim http://www.loc.gov/standards/marcxml/schema/MARC21slim.xsd">
   <leader>00925njm 22002777a 4500</leader>
   <datafield ind2=" " ind1=" " tag="042">
      <subfield code="a">dc</subfield>
   </datafield>
   <datafield ind2=" " ind1=" " tag="720">
      <subfield code="a">García Fernández, Miguel Ángel</subfield>
      <subfield code="e">author</subfield>
   </datafield>
   <datafield ind2=" " ind1=" " tag="720">
      <subfield code="a">Carvajal Rivera, José Julián</subfield>
      <subfield code="e">author</subfield>
   </datafield>
   <datafield ind2=" " ind1=" " tag="720">
      <subfield code="a">De Agustín Loeches, José Alberto</subfield>
      <subfield code="e">author</subfield>
   </datafield>
   <datafield ind2=" " ind1=" " tag="720">
      <subfield code="a">Marcos Alberca, Pedro</subfield>
      <subfield code="e">author</subfield>
   </datafield>
   <datafield ind2=" " ind1=" " tag="720">
      <subfield code="a">Nombela Franco, Luis</subfield>
      <subfield code="e">author</subfield>
   </datafield>
   <datafield ind2=" " ind1=" " tag="720">
      <subfield code="a">Jiménez Quevedo, Pilar</subfield>
      <subfield code="e">author</subfield>
   </datafield>
   <datafield ind2=" " ind1=" " tag="720">
      <subfield code="a">Macaya Miguel, Carlos</subfield>
      <subfield code="e">author</subfield>
   </datafield>
   <datafield ind2=" " ind1=" " tag="720">
      <subfield code="a">Pérez De Isla, Leopoldo</subfield>
      <subfield code="e">author</subfield>
   </datafield>
   <datafield ind2=" " ind1=" " tag="260">
      <subfield code="c">2017-04-30</subfield>
   </datafield>
   <datafield ind2=" " ind1=" " tag="520">
      <subfield code="a">La  evolución  en  el  intervencionismo  estructural  percutáneo  ha  generado  un  desarrollo  paralelo  en  las  técnicas de imagen avanzada. La ecocardiografía en el intervencionismo estructural juega un papel básico en la selección de los pacientes, en la valoración durante el procedimiento y en el análisis inmediato de los resultados y la detección precoz de complicaciones. Las imágenes de fusión eco/fluoroscopia aparecen  como  una  herramienta  complementaria  en  la  que  dos  técnicas  con  imágenes  dinámicas  se  complementan en una sola imagen con el fin de orientar, disminuir el tiempo de intervención y disminuir las complicaciones</subfield>
   </datafield>
   <datafield ind1="8" ind2=" " tag="024">
      <subfield code="a">García Fernández M Ángel, Carvajal Rivera JJ, de Agustín JA, Marcos-Alberca P, Nombela Franco L, Jiménez Quevedo P, Macaya Miguel C, Pérez de Isla L. Eco-fusión. Aplicación en el intervencionismo estructural cardíaco. Rev Ecocardiogr Pract Otras Tec Imag Card (RETIC) [Internet]. 30 de abril de 2017 [citado 2 de febrero de 2026];(4):9-15. Disponible en: https://imagenretic.org/RevEcocarPract/article/view/55</subfield>
   </datafield>
   <datafield ind1="8" ind2=" " tag="024">
      <subfield code="a">2529-976X</subfield>
   </datafield>
   <datafield ind1="8" ind2=" " tag="024">
      <subfield code="a">10.37615/RETIC.N4A3</subfield>
   </datafield>
   <datafield ind1="8" ind2=" " tag="024">
      <subfield code="a">https://hdl.handle.net/20.500.14352/131319</subfield>
   </datafield>
   <datafield ind1="8" ind2=" " tag="024">
      <subfield code="a">https://doi.org/10.37615/RETIC.N4A3</subfield>
   </datafield>
   <datafield ind1="8" ind2=" " tag="024">
      <subfield code="a">https://imagenretic.org/RevEcocarPract/article/view/55</subfield>
   </datafield>
   <datafield ind2="0" ind1="0" tag="245">
      <subfield code="a">Eco-fusión.Aplicación en el intervencionismo estructural cardíaco</subfield>
   </datafield>
</record></metadata></record></GetRecord></OAI-PMH>